Carrusel. Libro de aprestamiento para niños de 3 años

Gespeichert in:
Bibliographische Detailangaben
1. Verfasser: López Vente, William Muñoz Chavez, Janet
Format: keine Angabe
Sprache:Spanisch
Erschienen: Lima Bruño
Katalog:MANES:  Suchergebnis im Bibliothekskatalog
Schulbuchspezifische Eigenschaften:
Tags: Tag hinzufügen
Keine Tags, Fügen Sie den ersten Tag hinzu!
Hinzugefügt zu:26.04.2016

MARC

LEADER 000000000a22000000004500
001 01184
003 OSt
008 160427s sp ||||| |||| 00| 0 spa d
040 |c centro_manes 
691 7 |a IN 
100 1 |a López Vente, William  |9 130  |a Muñoz Chavez, Janet  |9 131 
245 0 0 |a Carrusel. Libro de aprestamiento para niños de 3 años 
260 3 |a Lima  |b Bruño 
300 |a 65 p.  |c 34x24 cm 
500 |a Bruño de América. Consta de 65 fichas 
942 |2 ddc  |c BK 
546 |a España 
999 |c 7158  |d 7158 
999 |c manes:7158  |d 7158